| 000 | 00699nam a2200241Ia 4500 | ||
|---|---|---|---|
| 003 | OSt | ||
| 005 | 20220925201741.0 | ||
| 006 | a|||||r|||| 00| 0 | ||
| 007 | ta | ||
| 008 | 220923b |||||||| |||| 00| 0 eng d | ||
| 037 | _cGeneral Book | ||
| 040 |
_aRTL _cRTL _beng |
||
| 041 |
_2eng _aeng |
||
| 082 | _aY5926:6.2.N8, M7 | ||
| 100 |
_aParmar Y A _9262343 |
||
| 245 | 0 |
_aMahyavanshi _b The success story of a scheduled caste |
|
| 260 |
_aDelhi _bMittal Publications _c1987 |
||
| 300 |
_axii, 248p _ccm. |
||
| 500 | _aBibliography: P 235-43 | ||
| 650 | _aScheduled Castes Tribes | ||
| 942 |
_hY5926:6.2.N8, M7 _cGB _2CC |
||
| 999 |
_c541080 _d541080 |
||